000 00528nam a2200193 a 4500
005 20250530063811.0
008 040818s2002 mx r 000 0 spa d
020 _a9993425354
035 _aUPN01000134295
049 _aCG
050 4 _aR724
_bS8.2
100 1 _aSuazo, Miguel
245 1 0 _aBioética para nuevos /
_cMiguel Suazo.
260 _aSanto Domingo :
_bInstituto Tecnológico de Santo Domingo,
_c2002.
300 _axii, 162 p.
650 4 _aÉtica médica
_95864
650 4 _aBioética
_93958
905 _aLibro
999 _c106446
_d106446